00424pab a2200145 454500008004000000100001700040245006900057260000900126300001300135362000800148650004100156650003300197650002200230773002600252180718b2002 xxu||||| |||| 00| 0 eng d aBrown, Alice aWomen and constitutional change in Scotland and Northern Ireland c2002 ap.71-84. aJan aWomen in politics - Northern Ireland aWomen in politics - Scotland aWomen in politics aParliamentary Affairs